000
00271nam a22001217a 4500
008
171123b xxu||||| |||| 00| 0 eng d
041
_a
eng
080
_a
030
100
_a
23
101
_a
ENC
245
_a
WEBSTERS NEW WORLD ECYCLOPEDIA
_c
TERRY.C
942
_2
udc
_c
BK
999
_c
38305
_d
38305